| 000 | 00344nam a22001457a 4500 | ||
|---|---|---|---|
| 020 | _a978-9382776-64-2 | ||
| 082 |
_a894.812.3 _bRAJ/V |
||
| 100 | _aRAJAN M K | ||
| 245 | _aVIKRAMADHITHYANKATHAKAL | ||
| 250 | _a25 | ||
| 260 |
_aTHRISSUR _bH&C PUBLISHING HOUSE _c2013 |
||
| 300 | _a160 | ||
| 650 |
_aMALAYALAM SHORT STORIES _zKERALA |
||
| 942 | _cBK | ||
| 999 |
_c1261 _d1261 |
||